01788nam a2200289 a 450000100060000000300080000600500170001400800410003102000250007202000250009703500190012204000390014104100080018008200190018810000310020724500600023826000800029830000200037849000650039850000870046350400640055050507680061465000250138265000150140765000130142283000630143534355BD-RjUL20211209052139.0140515r19661944ilu b 00100 eng d a0226575861 (vol. 1.) a0226575888 (vol. 2.) a(BD-RjUL)34449 aDLCBD-RjULbengcLCdADFAdBD-RjUL aeng00a301bNEF 19661 aNeurath, Otto,d1882-1945.10aFoundations of the unity of science /cby Otto Neurath. aChicago :aLondon :bUniversity of Chicago Press,cc1944 [impression 1966]. a51 p. ;c24 cm. aInternational Encyclopedia of United Science,vVolume I & II aPrevious ed. published under title: International encyclopedia of unified science. aIncludes bibliographical references (p. 949-996) and index.0 av. 1. Encyclopedia and unified science --Foundations of the theory of signs -- Foundations of logic and mathematics -- Linquistic aspects of science --Procedures of empirical science --Principles of the theory of probability -- Foundations of physics --Cosmology -- Foundations of biology -- The conceptual framework of psychology. v. 2.Foundations of the social sciences -- The structure of scientific revolutions. 2nd ed., enl. -- Science and the structure of ethics --Theory of valuation -- The technique of theory construction --Methodology of mathematical economics and econometrics --Fundamentals of concept formation in empirical science -- The devel opment of rationalism and empiricism -- The development of logical empiricism -- Bibliography and index. 0aSciencexPhilosophy. 0aSemantics. 0aScience. aInternational Encyclopedia of United Science,Volume I & II